Zlučovanie a delenie podnikov v dôsledku ekonomickej krízy v podmienkach SR a ich ekonomické efekty bakalárska práca

Uložené v:
Podrobná bibliografia
Hlavný autor: Mlyneková, Soňa
Korporativný autor: Fakulta podnikového manažmentu EU. Katedra podnikovohospodárska
Ďalší autori: Kubica, Milan, 1958-
Médium: Kniha
Jazyk:Slovak
Vydavateľské údaje: Bratislava 2024
Tagy: Pridať tag
Žiadne tagy, Buďte prvý, kto otaguje tento záznam!

MARC

LEADER 00000nbm a2200000 4500
001 0302040
005 20250206092338.6
041 0 |a slo 
044 |a SK 
245 1 0 |a Zlučovanie a delenie podnikov v dôsledku ekonomickej krízy v podmienkach SR a ich ekonomické efekty  |b bakalárska práca  |c Soňa Mlyneková ; školiteľ: Milan Kubica 
264 1 |a Bratislava  |c 2024 
300 |a 59 s. 
100 1 |a Mlyneková, Soňa 
700 1 |a Kubica, Milan, 1958- 
710 2 |a Fakulta podnikového manažmentu EU. Katedra podnikovohospodárska